[Event "Balkaniad"]
[Site "Kavala"]
[Date "1990.??.??"]
[Round "3"]
[White "Ghinda, Mihail Viorel"]
[Black "Dimitrov, Vladimir"]
[Result "0-1"]
[WhiteElo "2465"]
[BlackElo "2480"]
[Annotator "Knaak,R"]
[PlyCount "70"]
[EventDate "1990.10.??"]
[EventType "team"]
[EventRounds "6"]
[EventCountry "GRE"]
[SourceTitle "CBM 021"]
[Source "ChessBase"]
[SourceDate "1991.04.01"]
[SourceVersion "1"]
[SourceVersionDate "1991.04.01"]
[SourceQuality "1"]

1. e4 e6 2. d4 d5 3. Nd2 Nf6 4. e5 Nfd7 5. Ngf3 c5 6. c4 Nc6 7. cxd5 exd5 8.
Bd3 Be7 9. O-O O-O $1 {N} (9... cxd4 10. Re1 Nc5 11. Nb3 $1 $14) 10. Re1 Re8
11. h3 Bf8 12. dxc5 h6 13. Nb3 a5 14. Bb5 Ndxe5 15. Nxe5 Rxe5 16. Rxe5 Nxe5 17.
Bf4 Ng6 18. Be3 a4 19. Nd4 (19. Nc1) 19... Bxc5 20. Bxa4 Qf6 $1 {>< d4} 21. Rc1
Bb6 22. Bb5 Nh4 $1 {>< g2, f3, h3} 23. Kh2 $2 (23. Bf1 Bxh3 $1) (23. Be2 Qg6
24. g3 $13) 23... Qe5+ 24. Kg1 Qe4 $1 25. Rxc8+ (25. Bf1 Bxh3 $1 26. gxh3 Bxd4
27. Bxd4 Nf3+ 28. Kh1 Qf4 $19) 25... Rxc8 26. Qg4 Qxg4 $19 27. hxg4 Ng6 28. Be2
Ra8 29. a3 Ne5 30. Nf5 Bxe3 31. fxe3 Nc4 32. Bxc4 dxc4 33. Nd6 Rxa3 34. Nxc4
Ra4 35. Nd6 Rb4 0-1

[Event "Linares 09th"]
[Site "Linares"]
[Date "1991.??.??"]
[Round "7"]
[White "Ljubojevic, Ljubomir"]
[Black "Gurevich, Mikhail"]
[Result "0-1"]
[WhiteElo "2590"]
[BlackElo "2650"]
[Annotator "Knaak,R"]
[PlyCount "42"]
[EventDate "1991.02.??"]
[EventType "tourn"]
[EventRounds "13"]
[EventCountry "ESP"]
[EventCategory "17"]
[SourceTitle "CBM 022"]
[Source "ChessBase"]
[SourceDate "1991.06.01"]
[SourceVersion "1"]
[SourceVersionDate "1991.06.01"]
[SourceQuality "1"]

1. e4 {Anand} e6 2. d4 d5 3. Nd2 Nf6 4. e5 Nfd7 5. f4 c5 6. c3 Nc6 7. Ndf3 Qb6
8. h4 cxd4 9. cxd4 Bb4+ 10. Kf2 f6 $5 {Am direktesten. Bisher kaum gespielt.}
11. Kg3 (11. Be3 Be7 12. Rb1 a5 (12... O-O 13. b4 $1) 13. Ne2 O-O 14. Ng3 {
Ernst-Winsnes/SVE-ch/1989/ED C0} fxe5 $1 15. fxe5 Ndxe5 16. dxe5 d4 17. Bd2
Nxe5 18. Ne4 $13) (11. Be3 {Anand}) 11... O-O 12. Bd3 $2 (12. Ne2 $13 fxe5 13.
fxe5 Ndxe5 14. dxe5 Nxe5) 12... Nxd4 $1 (12... f5 $16 {Jansa-Dittmar/2.BLS8990/
}) 13. Nxd4 fxe5 14. fxe5 Nxe5 $19 15. Bc2 Ng6 16. Bxg6 hxg6 17. Nde2 (17. Ngf3
Bd6+ $19) 17... Qf2+ 18. Kh3 Bd6 19. Qb3 e5+ 20. Kh2 Qxh4+ 21. Nh3 Bxh3 (21...
Bxh3 22. Qxh3 e4+ 23. g3 Rf2+ 24. Kg1 Qxh3 25. Rxh3 Rxe2) 0-1

[Event "Escaldes zt"]
[Site "Escaldes"]
[Date "1998.11.13"]
[Round "8"]
[White "Nijboer, Friso"]
[Black "Gurevich, Mikhail"]
[Result "1-0"]
[WhiteElo "2525"]
[BlackElo "2610"]
[Annotator "Kortschnoj,V"]
[PlyCount "79"]
[EventDate "1998.11.06"]
[EventType "swiss"]
[EventRounds "9"]
[EventCountry "AND"]
[SourceTitle "CBM 068"]
[Source "ChessBase"]
[SourceDate "1999.02.01"]
[SourceVersion "1"]
[SourceVersionDate "1999.02.01"]
[SourceQuality "1"]

1. e4 {Finkel,A} e6 2. d4 d5 3. Nc3 Nf6 4. e5 Nfd7 5. Nce2 c5 6. c3 Nc6 7. f4
cxd4 8. cxd4 Qb6 9. Nf3 f6 10. a3 (10. exf6 {Finkel,A} Nxf6 11. Nc3 Bd6 12. Be2
O-O 13. O-O a6 14. Kh1 Bd7 15. a3 Rac8 $132 {Gostisa,L-Mohr,G/SLO-ch 1992 (36)}
) 10... Be7 (10... fxe5 $6 {Finkel,A} 11. fxe5 Be7 12. Nf4 Nf8 13. b4 Bd7 14.
Be3 O-O-O 15. Nd3 $5 $36 {Milicevic,S-Hadjiyiannis,C/Novi Sad olm 1990}) 11. h4
$146 {'!?' Finkel,A. It has been played mostly 11.Nc3, what looks more
reasonable.} (11. Nc3 {Finkel,A} O-O 12. Na4 Qd8 (12... Qc7 13. Bd3 Nb6 14. Nc3
Bd7 15. Ne2 f5 16. Rg1 Be8 $13 {Morozevich,A-Moskalenko,V/Moscow m 1994 (42)})
13. Be2 Nb6 14. Nc3 Bd7 15. O-O Be8 16. exf6 gxf6 17. f5 $5 $14 {Qi
Jingxuan-Siepenkoetter,A/Lee Cup 1995 (38)}) (11. g3 $6 {Finkel,A} O-O 12. exf6
Nxf6 13. Bg2 Ne4 14. O-O e5 $1 15. fxe5 Bg4 $36 {Tischbierek,R-Knaak,R/DDR-ch
1989 (28)}) 11... O-O 12. Rh3 fxe5 {'?!' Finkel,A. Finkel,A: 'Preparing to
sacrifice the knight on e5,which is typical for this kind of positions,but now
the sacrifice is not fully justified and white gets the advantage,so it was
better to play'} (12... Na5 $5 {Finkel,A} 13. b4 Nc4 14. Nc3 (14. Nd2 $2 fxe5
15. Nxc4 dxc4 16. dxe5 Nxe5 $19) 14... a5 15. b5 fxe5 16. fxe5 Qc7 17. Qd3 $13
{with mutual chanses.}) 13. fxe5 Rf5 $1 {Finkel,A: 'If you say A you should
also say B!' But now, whatever white is playing, black is going to win two
central pawns (for a piece,of course)!} (13... Ndxe5 {would be a grave mistake:
after} 14. dxe5 Nxe5 15. Nxe5 Qf2+ 16. Kd2 {white was winning.}) 14. Nf4 Ncxe5
15. dxe5 Nxe5 16. Nd4 {'?!' Finkel,A. The move looks , as the most active one.
I would prefer a modest 16.Be2.} ({White should try to reduce the number of
pieces on the board so deserved attention} 16. Be2 $5 {Finkel,A} Bd7 (16... Ng4
17. Nd4 Re5 18. Kf1 Re4 19. Bxg4 Rxd4 20. Rd3 $14) (16... Nxf3+ 17. Bxf3 Qg1+
18. Ke2 Re5+ 19. Kd3 $16) 17. Nxe5 Qg1+ 18. Kd2 Qd4+ 19. Nfd3 (19. Ke1 Qg1+ $11
) 19... Rxe5 20. Qb3 $14 {[%cal Gb3c3] with very complicated position,where
white's chanses should be prefered.}) 16... Rf7 17. Be3 {'?!' Finkel,A.} Qxb2
18. Be2 Nc6 {'=/+!' Finkel,A. Finkel,A: 'The material balance has been
restored and now black has very strong initiative just fo free!'} 19. Nf3 ({
Also after} 19. Nxc6 {Finkel,A} bxc6 20. Bd4 Qb8 $1 21. Nd3 Bxh4+ $1 22. Rxh4
Qg3+ 23. Bf2 Rxf2 24. Nxf2 Qxh4 $17 {white is in troubles.}) 19... Qc3+ $1 {
The only move.} (19... e5 $2 20. Nd3 Qc3+ 21. Bd2 Qc4 22. Ndxe5 $18) 20. Bd2 (
20. Kf2 $2 {Finkel,A} Bc5 21. Bxc5 Qxc5+ 22. Kg3 e5 $19) 20... Qc5 21. Rg3 {
The best practical chance - e6-e5 is hard to prevent.} (21. Nd3 {Finkel,A} Qd6
$17 {[%cal Ge6e5]}) 21... e5 {'-/+' Finkel,A. Finkel,A: 'White pieces take
awkward positions and desperatly lack coordination.'} 22. Rc1 Qd6 23. Rxc6 {
'!?' Finkel,A. Finkel,A: 'It's hard to propose something else!' Again,
practically the best; if 23.Nxd5 then e5-e4 recaptures a piece.} bxc6 24. Bb4
Qc7 {'!' Finkel,A.} ({What would have happened after} 24... Qh6 {Let's look:}
25. Nxd5 Bxh4 (25... cxd5 26. Bxe7) 26. Nxh4 (26. Ne7+ $2 Bxe7 27. Bxe7 Qh1+
28. Bf1 Ba6 $19) 26... Qxh4 27. Ne7+ Rxe7 28. Qd8+ Kf7 29. Qxe7+ $1 (29. Bc4+
Be6 30. Bxe6+ Kxe6 31. Qxe7+ Qxe7 32. Bxe7 Kxe7 33. Rxg7+ Kd6 34. Rxh7 a5 $17)
29... Qxe7 30. Bxe7 Kxe7 31. Rxg7+ Kd6 32. Rxh7 Bd7 {with some,perhaps not
decisive,black's advantage.}) ({Straight} 24... c5 $5 {Finkel,A} 25. Nxd5 cxb4
26. Nxe7+ Qxe7 27. Ng5 Be6 28. Qb1 $1 g6 29. Qe4 $1 Rc8 30. Nxf7 Bxf7 31. axb4
$17 {would promise white chanses of survival.}) 25. Nh5 Bf5 {'!' Finkel,A.} 26.
Ng5 Bxb4+ 27. axb4 Re7 28. b5 Bg6 (28... Rf8 $5) ({Another possibility was} 
28... Rd8 $5 {Finkel,A} 29. bxc6 Qxc6 $19 {[%cal Gd5d3,Ge5e3] wis winning
position.}) 29. Rc3 Qb6 $2 {'?!' Finkel,A. Black could already simplify the
position:} (29... Qa5 30. Qd2 h6 $1 31. Nh3 d4 (31... Bxh5 {Finkel,A} 32. Bxh5
Qxb5 $19 {winning immideatly.}) 32. Rxc6 Qxd2+ 33. Kxd2 Be4 {, and then Bxg2
with big advantage.}) 30. Ng3 $2 (30. bxc6 $6 {Finkel,A} Qg1+ 31. Kd2 Qd4+ 32.
Bd3 Qxh4 $19) 30... Rd8 $2 {'?!' Finkel,A. It is certainly a mutual time
trouble. Instead of 30.Ng3 white had to play 30.bc, black had to continue 30...
Rf8!...} (30... Qg1+ {Finkel,A} 31. Nf1 Qd4 32. Rxc6 Qxh4+ 33. g3 Qb4+ (33...
Qxg5 $2 34. Rxg6 $1 Qxg6 35. Qxd5+ Qf7 36. Qxa8+ Re8 37. Qe4 $13) 34. Kf2 Rd8
$19) 31. bxc6 $16 {'<=>' Finkel,A.} Qb4 $6 (31... Qa5 32. Qd2 h6 {was more
stubborn.}) (31... d4 $6 {Finkel,A} 32. Qb3+ Qxb3 33. Rxb3 d3 34. h5 dxe2 35.
hxg6 hxg6 36. Kxe2 $11) 32. Qd2 Qxh4 33. c7 Rxc7 34. Rxc7 Qxg3+ 35. Kf1 Rf8+ $2
{A losing move. The main threat Qxd5 black had to repel by 35...Qb3, still
with chances to save the game.} (35... e4 $4 {Finkel,A} 36. Qxd5+ $1 $18) 36.
Bf3 e4 {'??' Finkel,A. Finkel,A: 'Black missed a few possibiities to decide
the game in his favour,but his last move is the suicide!After correct' Black
position is bad, but such a move is typical not for a Belgian grandmaster, but
merely for a noble Japanese - it is called harakiri. After 36...d4 white still
had a task to demonstrate a win.} (36... Kh8 $1 {Finkel,A} 37. Qb4 Rg8 38. Nf7+
Bxf7 39. Rxf7 e4 40. Be2 Qe3 $15 {black still kept better chanses.}) 37. Qxd5+
Kh8 38. Nf7+ {'+-' Finkel,A. Finkel,A: 'Now it is over for black.'} Bxf7 (38...
Kg8 {Finkel,A} 39. Ne5+ Kh8 40. Qd6 $1 {[%csl Rg3][%cal Ge5f7,Gd6g3]} Qf4 41.
Nf7+ $1 $18) 39. Qxf7 Rd8 (39... Rb8 40. Bxe4) 40. Qd7 {Presumably, black lost
on time. After 40...Rf8 he still could keep on playing...} 1-0

[Event "ISR-chT"]
[Site "Israel"]
[Date "1996.??.??"]
[Round "1"]
[White "Liss, Eran"]
[Black "Zak, Uriel"]
[Result "1-0"]
[WhiteElo "2480"]
[BlackElo "2405"]
[Annotator "Liss,E"]
[PlyCount "63"]
[EventDate "1996.??.??"]
[EventType "team"]
[EventRounds "11"]
[EventCountry "ISR"]
[SourceTitle "CBM 052 Extra"]
[Source "ChessBase"]
[SourceDate "1996.07.01"]
[SourceVersion "1"]
[SourceVersionDate "1996.07.01"]
[SourceQuality "1"]

1. e4 e6 2. d4 d5 3. Nd2 Nf6 4. e5 Nfd7 5. f4 c5 6. c3 Nc6 7. Ndf3 Qb6 8. h4
cxd4 9. cxd4 Bb4+ 10. Kf2 f6 11. Kg3 {This line has gone out of fashion and I
don't understand why.} fxe5 $5 (11... O-O 12. Nh3 fxe5 13. dxe5 $14) 12. dxe5 (
12. fxe5 O-O {looks dangerous for white}) 12... O-O {getting back to the main
line} (12... Nc5 13. Kh2 Ne4 14. Nh3 Bd7 {/\0-0-0} 15. Bd3 O-O-O 16. Qc2 $16 {
/\a3,b4}) 13. Kh2 {/\13..Nc5 14.a3 winning a piece} Ne7 (13... Be7 {/\Nc5
seems better than the game for black}) 14. Bd3 Nf5 15. Nh3 $6 (15. Ne2 Ne3 $13)
(15. Bxf5 $1 Rxf5 (15... exf5 16. Qxd5+ Kh8 17. Ng5 Qg6 18. N1f3 Nb6 (18... h6
19. Ne6) 19. Qb3 Be7 20. Be3 h6 21. Kg1 $1 $16) 16. Nd4 Rf8 17. Ngf3 Bc5 18.
Be3 Qxb2 19. Qd3 $5 $40 {/\} Re8 20. Rhb1 Qa3 21. Qxa3 Bxa3 22. Nb5 $18) 15...
Be7 16. Bxf5 {admitting the incorrection of the last move} Rxf5 17. Nd4 Rf8 18.
h5 Nb8 $6 {black has no time for this manouver. Better was Nc5} 19. Be3 $1 Nc6
(19... Qxb2 20. Qg4 Qb6 21. Rhc1 $1 {/\R:c8} Bd7 22. Rab1 Qa6 23. Rc7 $18) 20.
Nxc6 Qxc6 21. Rc1 Qd7 22. Bc5 Bxc5 23. Rxc5 b6 24. Rc3 $1 Bb7 25. Qc2 {The
point of 19.Be3 was to get to this position. Now white thretens both Ng5 and
Rc7 and it's impossible to prevent both.} Qe8 $1 {a good defensive move.} (
25... Rac8 26. Ng5 Rf5 27. g4 Rxc3 28. bxc3 Rxg5 (28... Rxf4 29. Qxh7+ Kf8 30.
Qh8+ Ke7 31. Qxg7+ Kd8 32. Qxd7+ Kxd7 33. Kg3 Rf8 34. h6 $18) 29. fxg5 {
with difficult position for black}) 26. Ng5 (26. Rc7 Rc8 27. Ng5 Qxh5+ (27...
Rf5 {Transposes to the note of move 27}) 28. Kg1 Rxc7 29. Qxc7 Qd1+ 30. Kh2
Qh5+ 31. Kg3 $5 Qxh1 (31... Qg6 32. Rxh7 $40) 32. Nxe6 Qe1+ $10 (32... Qh6 $2
33. Nxf8 Kxf8 34. Qb8+ $18)) 26... Rf5 $8 (26... Qxh5+ 27. Rh3 Qg6 28. Qxg6
hxg6 29. Kg3 $18) 27. g4 $2 {It's hard to believe but this is wrong.} (27. Rc7
$1 Rc8 28. g4 $18) 27... Rxg5 28. fxg5 d4 (28... Qf8 $5 {could give black some
compensation} 29. Re1 Qf4+ 30. Kh3 d4) 29. Rc7 Bxh1 $2 {Playing the natural
move and missing the last chance.} (29... Qf8 $3 {this move makes a lot of
problems for white} 30. Rg1 (30. Rxb7 $2 Qf4+ 31. Kg2 (31. Kg1 Rf8) 31... Qxg4+
32. Kf2 Rf8+ 33. Ke1 Qg3+ 34. Kd1 Qf3+ $19) 30... d3 $1 (30... Qf4+ 31. Rg3 d3
32. Qxd3 Qf2+ 33. Kh3 Qe1 34. Rxg7+ $1 Kxg7 35. Qd7+ Kg8 36. Qxb7 $18) 31. Qd2
$8 Qf3 32. Rxb7 Qxb7 33. Qxd3 {and it's not clear if the pawn will make the
difference}) 30. h6 $1 $18 g6 (30... Qg6 31. Rxg7+ Qxg7 32. hxg7 $18) 31. Rg7+
Kh8 32. Rxh7+ $1 {Black resigned due to the line 32..Kg8 33.Qc7 Qf8 34.Rg7+
Kh8 35.Rf7 Qg8 36.Qe7 winning for white.} 1-0

[Event "EU-ch 15th"]
[Site "Yerevan"]
[Date "2014.03.10"]
[Round "7"]
[White "Solak, Dragan"]
[Black "Bartel, Mateusz"]
[Result "1-0"]
[WhiteElo "2610"]
[BlackElo "2662"]
[Annotator "Marjanovic,S"]
[PlyCount "71"]
[EventDate "2014.03.03"]
[EventType "swiss"]
[EventRounds "11"]
[EventCountry "ARM"]
[SourceTitle "CBM 160"]
[Source "ChessBase"]
[SourceDate "2014.05.15"]
[SourceVersion "1"]
[SourceVersionDate "2014.05.15"]
[SourceQuality "1"]

1. e4 e6 2. d4 d5 3. Nd2 Nf6 4. e5 Nfd7 5. c3 c5 6. f4 Nc6 7. Ndf3 Qa5 {
The third or fourth possibility.} ({A similar position was seen after} 7... Be7
8. Bd3 Qa5 $5 (8... cxd4 9. cxd4 f5 $14) 9. Be3 cxd4 10. Nxd4 Nc5 (10... Nxd4
11. Bxd4 $14) 11. Bc2 (11. Ngf3 Nxd3+ 12. Qxd3 O-O) 11... Nxd4 12. Bxd4 $14 {
1/2-1/2 (45) Howell,D (2593)-Conquest,S (2526) Hastings 2009}) ({The second
possibility is} 7... cxd4 8. cxd4 Qb6 {and now apart from 9.g3 or 9.Ne2 which
deserve attention} 9. a3 $5 {has been successfully played by English
grandmasters Adams and McShane.}) ({And the first possibility is} 7... Qb6 8.
g3 (8. Ne2 f6 $1) (8. a3 c4 $5) 8... Be7 ({and now Black has a choice between
8...cxd4 9.cxd4 Bb4+ with a slightly worse position and 8...Be7 with a
complicated and dangerous position:} 8... cxd4 9. cxd4 Bb4+ 10. Kf2 g5 11. fxg5
Ndxe5 12. Nxe5 Nxe5 13. Kg2 Nc6 (13... Nc4 14. Nf3 Bd7 15. Bd3 Be7 16. Qe2 $14)
14. Nf3 Bf8 (14... Bd7 $5) 15. b3 $14 {White has a small advantage}) 9. Bh3 (9.
Kf2) (9. Ne2) 9... cxd4 10. cxd4 O-O 11. Kf2 (11. Kf1 a5 $5) (11. Ne2 f6) 11...
f6 12. Kg2 (12. Bxe6+ Kh8 13. exf6 Nxf6 14. Bxc8 Ne4+ 15. Kg2 Raxc8 $44 {
Black has compensation for the sacrificed pawn.}) 12... Kh8 13. Ne2 fxe5 14.
fxe5 Ndxe5 15. dxe5 Nxe5 16. Ned4 Nxf3 17. Nxf3 e5 18. Re1 $5 {The first
proposal by the machine!} ({The human move} 18. Qxd5 {was played in all four
games which I found in Mega Database 2014} Bxh3+ 19. Kxh3 Qf2 20. Qxb7 (20.
Nxe5 Qf5+ (20... Rad8 $2 21. Qe6 Bc5 (21... Rde8 22. Re1 Bb4 23. Nf7+ Kg8 24.
Nh6+ Kh8 25. Qxe8 Bxe1 26. Qe5 $18) 22. Bf4 Rxf4 23. Rhf1 Qxf1+ 24. Rxf1 Rxf1
25. Nf7+ Rxf7 26. Qxf7 $18) 21. Kg2 Qf2+ 22. Kh3 Qf5+ 23. Kg2 Qf2+ {1/2-1/2 
(23) Shirov,A (2741)-Vallejo Pons,F (2650) Cala Mayor 2008}) 20... Rab8 21.
Qxe7 Qxf3 22. Re1 Rbc8 23. Bd2 Qf5+ $11 {with perpetual check}) 18... e4 19.
Nd4 {with a small advantage in every continuation} (19. Ng1 Bc5 20. Bf4 Bxg1
21. Rxg1 Rxf4 22. gxf4 Qxb2+ 23. Kh1 Bxh3 24. Rb1 Qf2 $11) 19... Bb4 (19...
Bxh3+ 20. Kxh3 Bb4 (20... Rf2 21. Be3 Rxb2 22. Qg4 Bf6 23. Rac1 $16) 21. Rg1
Bc5 22. Be3 Qxb2 23. Rc1 $14) (19... Bf6 20. Be3 Qxb2+ 21. Re2 Bxh3+ 22. Kxh3
$14) 20. Re2 Bxh3+ 21. Kxh3 Bc5 22. Be3 Rf3 23. Nxf3 Qe6+ 24. g4 exf3 25. Re1
Bxe3 26. Qxf3 d4 27. Rf1 $14) 8. Be3 ({After} 8. a3 Nxd4 $1 {Black can try to
get a small advantage:} 9. Nxd4 cxd4 10. b4 (10. Qxd4 Bc5 11. Qd2 Qc7) 10...
Qc7 11. cxd4 (11. Qxd4 Nb6 12. Nf3 Bd7 13. Be3 Be7) 11... Nb6 (11... Qc3+ 12.
Bd2 Qxd4 13. Nf3 Qb6 14. Rc1 $44) 12. Be3 Bd7 (12... a5) 13. Rc1 Qd8 14. Nf3 a5
15. Qb3 Ba4 16. Qb1 axb4 17. axb4 Qd7 $15 {0-1 (40) Howell,D (2479)-Visser,Y 
(2516) London/Crowthorne 2006}) ({In the past} 8. Kf2 {has been played more
often, but after} b5 9. Bd3 (9. Bd2 Qb6 10. Be3 b4 11. Bd3 c4 (11... g6) 12.
Bc2 g6 13. Ne2 a5 $13 {0-1 (40) Solak,D (2515)-Kosyrev,V (2562) ICC INT 2002})
9... b4 10. Ne2 Nb6 $13 {the position is unclear.}) 8... Qb6 (8... cxd4 {
also does not equalise:} 9. Nxd4 Nxd4 10. Bxd4 Qc7 (10... Nb8 11. Nf3 $14) 11.
Qg4 (11. Bd3 Nc5 12. Bc2 a5 13. Nf3 $14 {1-0 (83) Howell,D (2519)-Zhang,P 
(2649) Liverpool 2007}) 11... Nc5 12. Nf3 $14) 9. Qd2 (9. Rb1 {was rarely
played. Anyway White can also try with this move to get a small advantage.})
9... Be7 (9... f6 10. Ne2 (10. O-O-O cxd4 11. Nxd4 $14) 10... fxe5 (10... g5 $2
{is a mistake} 11. exf6 gxf4 12. f7+ Kxf7 13. Nxf4 Nf6 14. Ng5+ $18 {1/2-1/2 
(21) Palac,M (2485)-Dizdar,G (2495) Vinkovci 1993}) 11. dxe5 Be7 12. Ng3 $14)
10. Bd3 {White has three other continuations to try to get a slight advantage:}
(10. Ne2 O-O 11. Ng3) (10. Nh3 O-O 11. Be2) (10. dxc5 Nxc5 (10... Bxc5 11. Nd4)
11. Qc2) 10... cxd4 11. Nxd4 Nxd4 $146 (11... Nc5 {seems more precise:} 12. b3
(12. Bb1 Nxd4 13. Bxd4 Qa6 $11 14. Qe2 Qxe2+ 15. Kxe2 Bd7 16. Nf3 a5 17. Bc2 b5
18. a3 O-O 19. Rhc1 Rfc8 20. g4 {1/2-1/2 (20) Supancic,D-Marovic,D (2475)
Maribor 1977}) 12... Nxd4 13. Bxd4 Qc6 $13 {with an unclear position.}) 12.
Bxd4 Nc5 13. Be2 Bd7 14. Nf3 O-O 15. Qc2 ({It is worth considering} 15. b4 $5
Ne4 16. Qe3 $14) 15... Qc7 16. O-O f5 {An imprecision.} (16... h6) 17. exf6
gxf6 18. b4 Ne4 19. Bd3 $14 {White has again a small advantage.} Bd6 20. g3 Bc6
$6 {A dubious move.} ({It was better to play} 20... a5 21. b5 (21. bxa5 e5 (
21... Bc6 22. a6 bxa6 23. c4) 22. fxe5 fxe5 23. Bb6 Bc5+ 24. Kh1 Bxb6 25. axb6
Qxb6 26. Bxe4 dxe4 27. Nxe5 Bh3 28. Rxf8+ Rxf8 $44) 21... Rae8 (21... f5 22. a4
$14) 22. b6 Qc8 23. Bxe4 (23. Nd2 $14) 23... dxe4 24. Qxe4 $14 {and White has
only a slight advantage.}) 21. b5 Bd7 22. Bxe4 dxe4 23. Qxe4 Rae8 (23... Bxb5
24. Qxe6+ Rf7 25. Rfe1 $16) 24. a4 b6 25. Rad1 Bc8 26. Qc6 $6 {A dubious move
in a better position.} ({He should have played} 26. Qd3 Ba3 27. Rfe1 $16) 26...
Qxc6 27. bxc6 Bc7 28. Be3 (28. Kg2 {deserved consideration}) ({or} 28. Rfe1)
28... Rd8 $2 ({A better move is} 28... e5 29. fxe5 fxe5 30. Ng5 Bg4 31. Rde1
Kg7 $44 {and Black has adequate compensation for the pawn.}) 29. Rxd8 Rxd8 30.
Nd4 Rd6 $2 {The final mistake.} ({It was much better to prevent Nb5 with} 30...
a6 {but White can give back the pawn which provides him with a better position:
} 31. f5 exf5 32. Rb1 Kf7 33. Kf2 $16) 31. f5 $1 $18 e5 (31... Ba6 32. fxe6
Bxf1 33. Kxf1 Rd8 34. Nb5 Rc8 35. Nxa7 Re8 36. Nb5 Rxe6 (36... Rc8 37. e7 Kf7
38. Bxb6 $18) 37. Nxc7 Rxc6 38. Nd5 $18) 32. Nb5 Rxc6 33. Nxa7 Rxc3 34. Nxc8
Bd8 (34... Rxe3 35. Ne7+ Kg7 36. Nd5 $18) 35. Rc1 Rxe3 36. Rd1 1-0

[Event "Hans & Lenze"]
[Site "Lippstadt"]
[Date "1998.08.09"]
[Round "11"]
[White "McShane, Luke J"]
[Black "Kindermann, Stefan"]
[Result "1-0"]
[WhiteElo "2490"]
[BlackElo "2565"]
[Annotator "McShane,L"]
[PlyCount "79"]
[EventDate "1998.07.30"]
[EventType "tourn"]
[EventRounds "11"]
[EventCountry "GER"]
[EventCategory "8"]
[SourceTitle "CBM 065 Extra"]
[Source "ChessBase"]
[SourceDate "1998.09.09"]
[SourceVersion "1"]
[SourceVersionDate "1998.09.09"]
[SourceQuality "1"]

1. e4 e6 2. d4 d5 3. Nd2 Nf6 4. e5 Nfd7 5. f4 c5 6. c3 Nc6 7. Ndf3 Qb6 8. g3
cxd4 9. cxd4 Be7 10. Bh3 O-O 11. Ne2 f6 12. Rf1 (12. O-O {This artificial
method of castling is because} fxe5 13. fxe5 Ndxe5 $1 {wins a pawn.}) (12.
Bxe6+ {If} Kh8 13. Bxd5 $2 (13. exf6 Nxf6 14. Bxc8 Raxc8 {is also possible
winning a pawn although Black has plenty of counterplay due to White's poor
light squares.}) 13... fxe5 14. fxe5 Ndxe5 15. dxe5 Nxe5 16. Rf1 (16. Nxe5 $2
Bb4+ 17. Nc3 Qf2#) 16... Bh3 {with a huge attack.}) 12... Ndb8 13. Rf2 Bd7 14.
Kf1 a5 15. Kg2 Na6 16. Nc3 Nc7 17. Be3 Qa7 18. Na4 fxe5 19. fxe5 Be8 20. Rc1
Bg6 {Although White has more space Black's position is fine, I think, because
he has managed to activate his formerly bad light-squared bishop.} 21. Nc5 Bxc5
22. Rxc5 Bf5 $2 {Having got the bishop to an excellent diagonal it's a shame
to exchange it as it is no worse than its counterpart on h3. Consolidating
with 22...h6 and doubling rooks on the f-file was probably a better way to
play.} 23. Bxf5 Rxf5 24. Qb1 $3 {A subsequent Ng5 will give a nasty threat to
h7 and Black will have to weaken his kingside to deal with this.} Qa6 25. g4
Rf7 26. Kg1 $1 {Threatening 27.Ng5 and now after 27...Rxf2 it is no longer
check so White has the powerful zwischenzug 28.Qxf7+.} h6 (26... g6 27. Bh6 {
with horrible holes around the black king.}) 27. g5 h5 28. g6 (28. Qg6 {
, winning a pawn is well met by} Ne7 29. Qxh5 g6 {and when Black doubles on
the f-file soon the white attack will have dissolved and the weaknesses in the
white kingside will become more apparent.}) 28... Rf5 29. Qd1 Raf8 30. Nh4 Rxf2
31. Bxf2 Rf4 32. h3 (32. Qxh5 Qd3 33. Qh7+ Kf8 34. Qh8+ Ke7 35. Qxg7+ Kd8 {
is probably also good but I was wary about the black queen and rook so I
decided I would try to shut out all counterplay before taking on h5.}) 32...
Ne8 33. Rc3 Qb5 34. Rf3 Re4 35. Rf7 Re2 (35... Qe2 36. Qxe2 Rxe2 37. Rxb7 {
should also win for White.}) 36. Qc1 Qxb2 37. Qf4 Qb1+ 38. Kh2 Qb4 39. Qf3 Rxa2
40. Qxh5 {Finally, the capture on h5 and in a lost position my opponent's flag
fell.} 1-0